000
00242nam a2200097Ia 4500
001
725739
005
20250826163415.0
008
250824s9999 xx 000 0 und d
245
0
_a
KAFAMDA DELİ SORULAR
_c
RAFET SERTOĞLU
260
_b
ATLI KARINCA
999
_c
725739
_d
725739